LIBRARY ONLINE CATALOGUE

A Dictionary of the internet. (Record no. 14983)

MARC details
000 -LEADER
fixed length control field 00594cam a22002052 4500
001 - CONTROL NUMBER
control field 0000005213
005 - DATE AND TIME OF LATEST TRANSACTION
control field 20151217161135.0
008 - FIXED-LENGTH DATA ELEMENTS--GENERAL INFORMATION
fixed length control field 070608s xx 000 0 eng d
020 ## - INTERNATIONAL STANDARD BOOK NUMBER
International Standard Book Number 019280460X :
Terms of availability KES 1,349
040 ## - CATALOGING SOURCE
Original cataloging agency KABU
Transcribing agency KABU
050 #0 - LIBRARY OF CONGRESS CALL NUMBER
Classification number TK5105.875
Item number .I57I53 2003.
100 1# - MAIN ENTRY--PERSONAL NAME
Personal name Ince, Darrel.
-- 0000155044
245 12 - TITLE STATEMENT
Title A Dictionary of the internet.
260 ## - PUBLICATION, DISTRIBUTION, ETC. (IMPRINT)
Place of publication, distribution, etc. Oxford :
Name of publisher, distributor, etc. OUP,
Date of publication, distribution, etc. 2003.
300 ## - PHYSICAL DESCRIPTION
Extent viii, 261 p.
650 #0 - SUBJECT ADDED ENTRY--TOPICAL TERM
Topical term or geographic name as entry element Internet
Form subdivision Dictionaries.
-- 0000156373
908 ## - PUT COMMAND PARAMETER (RLIN)
Put command parameter 070608
950 ## - LOCAL HOLDINGS (RLIN)
-- 1
Holdings
Withdrawn status Lost status Source of classification or shelving scheme Not for loan Home library Current library Date acquired Total Checkouts Full call number Barcode Date last seen Price effective from Koha item type
    Library of Congress Classification Not For Loan Kabarak, Main Campus Kabarak, Main Campus 17/12/2015   TK5105.875 .I57I53 2003. 010009 17/12/2015 17/12/2015 Reference